Theory and Problems of Programming with C (Record no. 136395)

000 -LEADER
fixed length control field 00257nam a2200097Ia 4500
008 - FIXED-LENGTH DATA ELEMENTS--GENERAL INFORMATION
fixed length control field 220120s9999||||xx |||||||||||||| ||und||
082 ## - DEWEY DECIMAL CLASSIFICATION NUMBER
Classification number 005.13 SCH
100 ## - MAIN ENTRY--PERSONAL NAME
Personal name Schaum's out lines
245 #0 - TITLE STATEMENT
Title Theory and Problems of Programming with C
300 ## - PHYSICAL DESCRIPTION
Extent 237p;
Other physical details 400
Holdings
Withdrawn status Lost status Damaged status Not for loan Collection code Home library Current library Date acquired Barcode Date last seen Price effective from Koha item type
        Computer Science and Engineering Central Library Central Library 01/20/2022 GF254 01/20/2022 01/20/2022 Gift Books

Powered by Koha